000 01981nam0a2200421 i 4500
001 RU\NLR\bibl\2058367
005 20260426041432.0
010 _a9785769595868
_91000
021 _aRU
_b2013-51637
_93579
035 _a(nilc)RuMoRGB-006602109
035 _a(NLR Aleph) 002045173
090 _a4615026
_c4615026
100 _a20101011d2013 u y0rusy50 ca
101 0 _arus
102 _aRU
105 _ay zzzz|||||
200 1 _aЭкономическая и социальная география зарубежных стран
_eучебник
_eпо направлению "Педагогическое образование"
_fЮ. Н. Гладкий, В. Д. Сухоруков
205 _a3-е изд., перераб.
210 _aМосква
_cАкадемия
_d2013
215 _a392, [1] с.
_cил., карты, табл.
_d22
225 1 _aВысшее профессиональное образование
225 1 _aБакалавриат
300 _aНа обл. 3-е изд.
320 _aБиблиогр.: с. 375
607 _aЗарубежные страны
_jУчебники для высших учебных заведений
_xЭкономическая география
_91121842
_3RU\NLR\auth\66444631
607 _aЗарубежные страны
_jУчебники для высших учебных заведений
_xГеография социальная
_92145582
_3RU\NLR\auth\661292689
686 _aС550.03я73
686 _aУ04(0)я73
700 1 _4070
_7ca
_8rus
_aГладкий
_bЮ. Н.
_f1943-
_gЮрий Никифорович
_9181490
_3RU\NLR\AUTH\770181541
701 1 _aСухоруков
_bВ. Д.
_gВячеслав Дмитриевич
_4070
801 0 _aRU
_bRuMoRKP
_c20101011
_gRCR
801 2 _aRU
_bРГБ
_c20130709
_grcr
801 1 _aRU
_bRuMoRKP
_c20101011
_2rusmarc
801 2 _aRU
_bNLR
_c20130731
_grcr
942 _cBOOK
980 _aNBR